000
00293nam a22001337a 4500
008
170327b xxu||||| |||| 00| 0 eng d
020
_a
1560532661
041
_a
eng
080
_a
616.9
100
_a
8
101
_a
SHM
245
_a
INFECTIOUS DISEASE SECRETS
_c
GATES, R.H
942
_2
udc
_c
BK
999
_c
8668
_d
8668